[Event "MCR senioru 2019 nad 60 let"]
[Site "Pelclovo divadlo, Rychnov n. K"]
[Date "2019.08.14"]
[Round "5"]
[White "Mlynek, Petr"]
[Black "Horak, Vladimir"]
[Result "1/2-1/2"]
[WhiteElo "2094"]
[BlackElo "1954"]
[PlyCount "78"]
[EventDate "2019.08.10"]

1. d4 Nf6 2. c4 e6 3. Nf3 b6 4. g3 Ba6 5. Qa4 c6 6. Nc3 Be7 7. Bf4 Bb7 8. Bg2
O-O 9. O-O d5 10. cxd5 cxd5 11. Rac1 Qd7 12. Ne5 Qxa4 13. Nxa4 Na6 14. Nc3 Nh5
15. Bd2 f6 16. Nd3 f5 17. Nb5 Rfc8 18. Ne5 Nf6 19. Rxc8+ Rxc8 20. Rc1 Rxc1+ 21.
Bxc1 Nb4 22. a3 Nc6 23. Nxc6 Bxc6 24. Nxa7 Bd7 25. Bf4 Ne8 26. e3 Bd6 27. Bxd6
Nxd6 28. b3 Kf7 29. a4 Ke7 30. Bf1 g5 31. f3 Kf6 32. Nb5 Bxb5 33. Bxb5 Nxb5 34.
axb5 h5 35. h3 Kg6 36. Kf2 Kf6 37. Ke2 Kg6 38. Kd3 Kf6 39. e4 f4 1/2-1/2

[Event "MCR senioru 2019 nad 60 let"]
[Site "Pelclovo divadlo, Rychnov n. K"]
[Date "2019.08.14"]
[Round "5"]
[White "Pospisil, Evzen"]
[Black "Bartos, Alois"]
[Result "1-0"]
[WhiteElo "2040"]
[BlackElo "1953"]
[PlyCount "101"]
[EventDate "2019.08.10"]

1. d4 Nf6 2. Nf3 c5 3. c4 cxd4 4. Nxd4 Nc6 5. Nc3 Nxd4 6. Qxd4 g6 7. g3 Bg7 8.
Bg2 O-O 9. O-O d6 10. Bd2 Nd7 11. Qe4 Ne5 12. b3 Nc6 13. Qc2 Bf5 14. e4 Bd7 15.
Rac1 Rc8 16. Nd5 b5 17. Qd1 bxc4 18. Rxc4 e6 19. Ne3 Ne7 20. Rxc8 Nxc8 21. Bb4
Bb5 22. Re1 Qb6 23. Qd2 Qd4 24. Rd1 Qxd2 25. Rxd2 Rd8 26. Nc4 Bf8 27. Ne3 f6
28. Rc2 Nb6 29. a4 Bd7 30. a5 Na8 31. Nc4 Rb8 32. Bxd6 Rxb3 33. e5 Bxd6 34.
Nxd6 Rb8 35. exf6 Ba4 36. Rc8+ Rxc8 37. Nxc8 Nc7 38. Nxa7 Bb3 39. Nc6 Kf7 40.
Nb8 Bd5 41. a6 Kxf6 42. a7 Ke7 43. Bxd5 exd5 44. Na6 Na8 45. f4 Kd6 46. g4 Kc6
47. Nb4+ Kc5 48. f5 gxf5 49. gxf5 Kd6 50. f6 d4 51. Nd5 1-0

[Event "MCR senioru 2019 nad 60 let"]
[Site "Pelclovo divadlo, Rychnov n. K."]
[Date "2019.08.14"]
[Round "5"]
[White "Papay, Jindrich"]
[Black "Humlicek, Vojtech"]
[Result "1/2-1/2"]
[WhiteElo "1943"]
[BlackElo "1890"]
[EventDate "2019.08.10"]
[PlyCount "28"]

1. f4 d5 2. Nf3 g6 3. g3 Bg7 4. Bg2 Nf6 5. O-O c6 6. c3 O-O 7. h3 Qc7 8. d3
Nbd7 9. Qe1 e5 10. f5 e4 11. Nh4 g5 12. Bxg5 Qb6+ 13. Kh1 Qxb2 14. Nd2 exd3
1/2-1/2

[Event "MCR senioru 2019 nad 60 let"]
[Site "Pelclovo divadlo, Rychnov n. K"]
[Date "2019.08.14"]
[Round "5"]
[White "Urban, Zdenek"]
[Black "Lepik, Jaroslav"]
[Result "1-0"]
[WhiteElo "2115"]
[BlackElo "1794"]
[PlyCount "123"]
[EventDate "2019.08.10"]

1. d4 Nf6 2. c4 g6 3. Nc3 Bg7 4. e4 d6 5. Nf3 O-O 6. Be2 c6 7. O-O Qc7 8. Ne1
e5 9. d5 Ne8 10. Be3 f5 11. f3 f4 12. Bf2 g5 13. b4 Nd7 14. Nd3 Ndf6 15. Qb3
Qf7 16. c5 cxd5 17. cxd6 dxe4 18. Qxf7+ Rxf7 19. fxe4 Nxd6 20. Nxe5 Nfxe4 21.
Nxe4 Nxe4 22. Nxf7 Bxa1 23. Rxa1 Kxf7 24. Rc1 Nxf2 25. Kxf2 h6 26. Rc7+ Kg6 27.
a4 Rb8 28. b5 Bf5 29. Bf3 b6 30. Rxa7 g4 31. Bc6 Bc2 32. Ra6 Kg5 33. a5 bxa5
34. Rxa5 Kf6 35. Ra2 Bd3 36. Rb2 Ke5 37. Rb4 h5 38. Ke1 h4 39. b6 Kd6 40. Ba4
Kc5 41. Rxf4 Rxb6 42. Rxg4 Rh6 43. Kd2 Bf1 44. h3 Kd6 45. Bc2 Ke5 46. Re4+ Kd5
47. Rg4 Ke5 48. Ke3 Ba6 49. Be4 Bc8 50. Rg5+ Kf6 51. Rc5 Be6 52. Rc6 Ke5 53.
Rc5+ Kf6 54. Kf4 Rh8 55. Rb5 Rh6 56. Bf3 Rh8 57. Rb6 Ke7 58. Ke5 Bd7 59. Rb7
Kd8 60. Rb8+ Bc8 61. Bg4 Re8+ 62. Kd6 1-0

[Event "MCR senioru 2019 nad 60 let"]
[Site "Pelclovo divadlo, Rychnov n. K."]
[Date "2019.08.14"]
[Round "5"]
[White "Marek, Jiri"]
[Black "Banoci, Jaroslav"]
[Result "1/2-1/2"]
[WhiteElo "1920"]
[BlackElo "1790"]
[EventDate "2019.08.10"]
[PlyCount "132"]

1. e4 d6 2. d4 Nf6 3. Nc3 g6 4. Be3 c6 5. Qd2 b5 6. f3 Nbd7 7. d5 cxd5 8. Nxd5
a6 9. c4 bxc4 10. Bxc4 Bb7 11. Ne2 Bg7 12. O-O O-O 13. Nec3 Bxd5 14. Nxd5 a5
15. Rac1 Rb8 16. Bd4 Nxd5 17. Bxg7 Kxg7 18. Bxd5 Nf6 19. Bb3 Qb6+ 20. Qf2 Qxf2+
21. Rxf2 Rfc8 22. Rfc2 Rxc2 23. Rxc2 Rb7 24. Kf2 Nd7 25. Bd5 Ra7 26. Ke3 Kf6
27. f4 h6 28. a3 g5 29. g3 e6 30. Bc4 Rb7 31. a4 Rc7 32. Bd3 Nc5 33. Bb5 Ke7
34. Rc4 d5 35. exd5 exd5 36. Rd4 Ke6 37. g4 Nb3 38. Rd3 Nc5 39. Rd2 Nb3 40. Re2
Kd6 41. Rf2 Re7+ 42. Kd3 Nc5+ 43. Kc2 gxf4 44. Rxf4 Ke5 45. Rf5+ Ke6 46. Bc6
Rc7 47. Bxd5+ Kd6 48. Kb1 Nxa4 49. Bb3 Nc5 50. Bxf7 a4 51. Rf6+ Ke7 52. Rf1 Nd3
53. Bg6 Ne5 54. Bf5 Rc4 55. Re1 Kf6 56. h3 Rb4 57. Bc2 Nc4 58. Ka1 Rxb2 59.
Bxa4 Rh2 60. Bb3 Nd2 61. Be6 Kg7 62. Re3 Kf6 63. Bd5 Kg5 64. Re5+ Kf6 65. Rf5+
Kg7 66. Rf7+ Kg6 1/2-1/2

[Event "MCR senioru 2019 nad 60 let"]
[Site "Pelclovo divadlo, Rychnov n. K"]
[Date "2019.08.14"]
[Round "5"]
[White "Mares, Petr"]
[Black "Juricek, Stanislav"]
[Result "0-1"]
[WhiteElo "1888"]
[BlackElo "2048"]
[PlyCount "76"]
[EventDate "2019.08.10"]

1. Nf3 Nf6 2. g3 g6 3. Bg2 Bg7 4. d3 O-O 5. O-O d6 6. e4 c5 7. Nc3 Nc6 8. h3
Rb8 9. a4 a6 10. Be3 Re8 11. d4 cxd4 12. Nxd4 Nd7 13. Qd2 Nde5 14. b3 Bxh3 15.
Nxc6 bxc6 16. f4 Bxg2 17. Kxg2 Ng4 18. Rad1 Qa5 19. Ne2 Nxe3+ 20. Qxe3 c5 21.
Rd5 Qb4 22. e5 c4 23. Rd4 Qb7+ 24. Rf3 cxb3 25. cxb3 Rbc8 26. Qe4 Qb8 27. Rb4
Qc7 28. Rc3 Qd7 29. Rb7 Qe6 30. Nd4 Qg4 31. Nc6 Kf8 32. Re3 dxe5 33. Nxe5 Qd1
34. Re2 Rc1 35. Kh2 Bxe5 36. fxe5 Rd8 37. Qg4 Rd2 38. Rb8+ Kg7 0-1

[Event "MCR senioru 2019 nad 60 let"]
[Site "Pelclovo divadlo, Rychnov n. K."]
[Date "2019.08.14"]
[Round "5"]
[White "Novotny, Jaroslav"]
[Black "Marinov, Peter"]
[Result "1/2-1/2"]
[WhiteElo "1965"]
[BlackElo "1815"]
[EventDate "2019.08.10"]
[PlyCount "46"]

1. e4 d6 2. d4 e6 3. Nf3 Nd7 4. Be2 Be7 5. Nc3 c6 6. O-O b6 7. Re1 h6 8. e5 d5
9. Be3 Bg5 10. Nxg5 hxg5 11. Qd2 f6 12. Bd3 Nf8 13. Ne2 Nh6 14. h3 Qe7 15. a4
Nf7 16. f4 gxf4 17. Bxf4 f5 18. Kf1 g5 19. Be3 Ng6 20. Ng1 Nh4 21. g3 Ng6 22.
Re2 Rg8 23. Rf2 a5 1/2-1/2

[Event "MCR senioru 2019 nad 60 let"]
[Site "Pelclovo divadlo, Rychnov n. K"]
[Date "2019.08.14"]
[Round "5"]
[White "Vagner, Ladislav"]
[Black "Becvar, Miroslav"]
[Result "1/2-1/2"]
[WhiteElo "1951"]
[BlackElo "1850"]
[PlyCount "78"]
[EventDate "2019.08.10"]

1. d4 d5 2. Nf3 Nf6 3. c4 e6 4. Nc3 c6 5. e3 b6 6. cxd5 cxd5 7. Bb5+ Bd7 8. Bd3
Nc6 9. O-O Be7 10. Re1 O-O 11. Qe2 Bc8 12. a3 Bb7 13. b4 Rc8 14. Bb2 Bd6 15. e4
dxe4 16. Nxe4 Be7 17. b5 Nb8 18. Neg5 Bd5 19. Ne5 Nbd7 20. Rac1 g6 21. Nc6 Bxc6
22. Rxc6 Nb8 23. Nxe6 Qd5 24. Bc4 Qf5 25. Nxf8 Nxc6 26. Nxg6 Bd6 27. bxc6 hxg6
28. d5 Nxd5 29. Bxd5 Qxd5 30. Qg4 Rxc6 31. Qh4 Qh5 32. Qd8+ Bf8 33. h3 Rd6 34.
Qe8 Rd1 35. Bc3 Rxe1+ 36. Bxe1 a5 37. Bc3 Qd1+ 38. Kh2 Qd6+ 39. g3 Qc5 1/2-1/2

[Event "MCR senioru 2019 nad 60 let"]
[Site "Pelclovo divadlo, Rychnov n. K."]
[Date "2019.08.14"]
[Round "5"]
[White "Kylar, Miroslav"]
[Black "Brhlik, Antonin"]
[Result "1-0"]
[WhiteElo "1935"]
[BlackElo "1624"]
[EventDate "2019.08.10"]
[PlyCount "31"]

1. Nf3 Nf6 2. b3 g6 3. Bb2 Bg7 4. g3 O-O 5. Bg2 c5 6. c4 Nc6 7. O-O d6 8. d4
Qb6 9. Nc3 Qc7 10. dxc5 dxc5 11. Nd5 Nxd5 12. Bxg7 Kxg7 13. Qxd5 Nb4 14. Qg5
Be6 15. Qe3 Nc2 16. Qc3+ 1-0

[Event "MCR senioru 2019 nad 70 a 80 let"]
[Site "Pelclovo divadlo, Rychnov n. K"]
[Date "2019.08.14"]
[Round "5"]
[White "Trojan, Lubos"]
[Black "Kotva, Milan"]
[Result "1/2-1/2"]
[WhiteElo "1955"]
[BlackElo "1862"]
[PlyCount "93"]
[EventDate "2019.08.10"]

1. Nf3 Nf6 2. c4 c6 3. e3 d5 4. d4 Bg4 5. Nbd2 e6 6. Be2 Nbd7 7. h3 Bh5 8. a3
Bd6 9. b4 O-O 10. Bb2 Bc7 11. Qc2 Rc8 12. Bd3 Bg6 13. O-O Bxd3 14. Qxd3 Re8 15.
Ne5 dxc4 16. Qe2 b5 17. Nxc6 Bh2+ 18. Kxh2 Rxc6 19. Nb1 Nd5 20. Nc3 N7f6 21. g3
Nxc3 22. Bxc3 Ne4 23. Qc2 f5 24. f3 Nxc3 25. Qxc3 Rd6 26. f4 Qd7 27. Rf2 Qc6
28. Rc1 Qe4 29. Rcc2 Ra8 30. Qe1 Rxd4 31. Rfe2 Rd3 32. a4 Rad8 33. Qh1 Qxh1+
34. Kxh1 a6 35. Kg2 Rb3 36. axb5 axb5 37. e4 fxe4 38. Rxe4 Kf7 39. Rce2 Rd6 40.
Re5 Rxb4 41. f5 exf5 42. Rxf5+ Rf6 43. Rc5 Rb3 44. h4 c3 45. Ree5 b4 46. Rc7+
Kf8 47. Rc8+ 1/2-1/2

[Event "MCR senioru 2019 nad 70 a 80 let"]
[Site "Pelclovo divadlo, Rychnov n. K"]
[Date "2019.08.14"]
[Round "5"]
[White "Holecek, Vladimir"]
[Black "Jacek, Miloslav"]
[Result "0-1"]
[WhiteElo "1898"]
[BlackElo "1941"]
[PlyCount "59"]
[EventDate "2019.08.10"]

1. e4 c5 2. Nf3 Nf6 3. e5 Nd5 4. Nc3 e6 5. Nxd5 exd5 6. d4 Nc6 7. dxc5 Bxc5 8.
Qxd5 d6 9. exd6 Qb6 10. c3 Bxf2+ 11. Kd1 Be6 12. Qb5 O-O-O 13. Bf4 Bc5 14. Qxb6
Bxb6 15. Ng5 Bg4+ 16. Be2 Bxe2+ 17. Kxe2 Rhe8+ 18. Kd3 f6 19. Nf3 g5 20. Bg3 h5
21. Nd4 Nxd4 22. cxd4 h4 23. Bf2 Rxd6 24. Rac1+ Kd7 25. g4 hxg3 26. hxg3 Rde6
27. Rce1 Rxe1 28. Bxe1 f5 29. Bd2 Bc7 30. Rh5 0-1

[Event "MCR senioru 2019 nad 70 a 80 let"]
[Site "Pelclovo divadlo, Rychnov n. K"]
[Date "2019.08.14"]
[Round "5"]
[White "Zikmund, Jaroslav"]
[Black "Slizek, Josef"]
[Result "0-1"]
[WhiteElo "1803"]
[BlackElo "1935"]
[PlyCount "80"]
[EventDate "2019.08.10"]

1. d4 Nf6 2. c4 g6 3. Nc3 d5 4. Nf3 Bg7 5. e3 O-O 6. Bd3 c5 7. O-O cxd4 8. Nxd4
e5 9. Nb3 Nc6 10. cxd5 Nxd5 11. Nxd5 Qxd5 12. e4 Qd6 13. Be3 b6 14. Bc4 Qe7 15.
Qe2 Be6 16. Rfd1 Bxc4 17. Qxc4 Rac8 18. Qe2 Rfd8 19. a3 Qe6 20. Rd3 Rxd3 21.
Qxd3 Rd8 22. Qc2 Nd4 23. Bxd4 exd4 24. Rd1 d3 25. Rxd3 Rxd3 26. Qxd3 Bxb2 27.
Nd2 Be5 28. g3 Bd6 29. Nc4 Bc5 30. Kg2 b5 31. Ne3 Qa2 32. Nc2 Qb2 33. Kf1 a5
34. Ke1 b4 35. axb4 axb4 36. Ne3 Bxe3 37. Qxe3 b3 38. Qd2 Qb1+ 39. Qd1 Qxe4+
40. Kd2 b2 0-1

[Event "MCR senioru 2019 nad 70 a 80 let"]
[Site "Pelclovo divadlo, Rychnov n. K."]
[Date "2019.08.14"]
[Round "5"]
[White "Jablecnik, Gustav"]
[Black "Vlacil, Vladimir"]
[Result "0-1"]
[WhiteElo "2006"]
[BlackElo "1930"]
[EventDate "2019.08.10"]
[PlyCount "90"]

1. e4 c5 2. Bc4 e6 3. Qe2 d6 4. d3 Nc6 5. c3 Na5 6. Bb5+ Bd7 7. Bxd7+ Qxd7 8.
Nf3 Nf6 9. Na3 Nc6 10. Nc2 Be7 11. h3 O-O 12. O-O a6 13. Rd1 Qc7 14. Bf4 Ne5
15. Nd2 Rac8 16. Bh2 Nfd7 17. f4 Nc6 18. Kh1 Bf6 19. Ne3 g6 20. g4 Bg7 21. Nf3
b5 22. f5 Nce5 23. Ng5 Rce8 24. d4 cxd4 25. cxd4 Nc4 26. Rac1 Qd8 27. Nxc4 bxc4
28. fxe6 fxe6 29. Nf3 d5 30. Ne5 Nxe5 31. dxe5 Qh4 32. Qe3 Bh6 33. Qg3 Qxg3 34.
Bxg3 Bxc1 35. Rxc1 Rf3 36. Kg2 Rd3 37. exd5 exd5 38. Rc2 Re6 39. Bf4 Kf7 40.
Bg3 Ke8 41. b3 c3 42. Bf4 Rxe5 43. Rxc3 Rxc3 44. Bxe5 Rc2+ 45. Kf3 Rxa2 0-1

[Event "MCR senioru 2019 nad 70 a 80 let"]
[Site "Pelclovo divadlo, Rychnov n. K."]
[Date "2019.08.14"]
[Round "5"]
[White "Fiser, Jiri"]
[Black "Just, Pavel"]
[Result "1/2-1/2"]
[WhiteElo "1918"]
[BlackElo "1981"]
[EventDate "2019.08.10"]
[PlyCount "78"]

1. e4 e5 2. Nf3 Nc6 3. Bb5 Nf6 4. d3 Bc5 5. c3 d6 6. O-O O-O 7. Re1 Bg4 8. h3
Bh5 9. Nbd2 Ne7 10. Nf1 c6 11. Ba4 h6 12. Ng3 Bg6 13. d4 exd4 14. cxd4 Bb4 15.
Re3 Qc7 16. Bc2 Rfe8 17. Nh4 Bh7 18. Nh5 Nxh5 19. Qxh5 d5 20. Rg3 Bg6 21. Nxg6
fxg6 22. Qg4 dxe4 23. Bf4 Qc8 24. Bxe4 Qxg4 25. hxg4 Rad8 26. Be5 Bd6 27. Bxd6
Rxd6 28. Rd1 Red8 29. Rgd3 Kf7 30. a3 R8d7 31. Kf1 Ke8 32. g3 Kd8 33. Ke2 Kc7
34. Ke3 Re6 35. f3 Nd5+ 36. Kf2 Nb6 37. b3 Red6 38. Ke3 a5 39. Rc1 Nd5+ 1/2-1/2

[Event "MCR senioru 2019 nad 70 a 80 let"]
[Site "Pelclovo divadlo, Rychnov n. K."]
[Date "2019.08.14"]
[Round "5"]
[White "Haderka, Karel"]
[Black "Pilar, Miloslav"]
[Result "0-1"]
[WhiteElo "1817"]
[BlackElo "2078"]
[EventDate "2019.08.10"]
[PlyCount "114"]

1. c4 Nf6 2. Nc3 c5 3. g3 g6 4. Bg2 Bg7 5. e3 O-O 6. Nge2 d6 7. d4 cxd4 8. exd4
a6 9. O-O Qc7 10. b3 Nbd7 11. Be3 Rb8 12. Rc1 e6 13. Nf4 b6 14. d5 e5 15. Nd3
Nc5 16. Nxc5 bxc5 17. h3 Ne8 18. f4 f5 19. fxe5 Bxe5 20. Ne2 Qe7 21. Bf4 Bd7
22. Re1 Ng7 23. Qd2 Rbe8 24. Bxe5 Qxe5 25. Nf4 Qf6 26. Kh2 Kh8 27. Bf3 g5 28.
Ng2 Re5 29. Rxe5 dxe5 30. Qc3 Qd6 31. Re1 e4 32. Bd1 Kg8 33. Qe3 h6 34. Rf1 a5
35. Qc3 f4 36. gxf4 gxf4 37. Kh1 f3 38. Bxf3 exf3 39. Rxf3 Rxf3 40. Qxf3 Qe5
41. a4 Qf5 42. Nf4 Qg5 43. Nd3 Qe7 44. Kh2 Bf5 45. Nf4 Qe5 46. Qg3 Kh7 47. Ng2
Qxg3+ 48. Kxg3 Bc2 49. Ne3 Nf5+ 50. Nxf5 Bxf5 51. h4 Kg6 52. Kf4 Kf6 53. d6 Bc2
54. d7 Ke7 55. Ke5 Bxb3 56. Kd5 Bxa4 57. Kxc5 Bxd7 0-1

[Event "MCR senioru 2019 nad 70 a 80 let"]
[Site "Pelclovo divadlo, Rychnov n. K"]
[Date "2019.08.14"]
[Round "5"]
[White "Volf, Jaroslav"]
[Black "Koudelka, Milos"]
[Result "1-0"]
[WhiteElo "1977"]
[BlackElo "1707"]
[PlyCount "63"]
[EventDate "2019.08.10"]

1. e4 c5 2. c3 d5 3. exd5 Qxd5 4. d4 Nf6 5. Nf3 Bf5 6. Be2 e6 7. O-O Be7 8. Be3
Bxb1 9. Qxb1 cxd4 10. Nxd4 O-O 11. Bf3 Qd7 12. Rd1 Qc8 13. Qc2 Nc6 14. Nxc6
bxc6 15. Qa4 Nd5 16. Bd4 c5 17. Be5 Nb6 18. Qc2 Nd5 19. c4 Nb4 20. Qa4 f6 21.
Bxa8 Qxa8 22. Bd6 Re8 23. Bxe7 Rxe7 24. Rd7 Kf7 25. Rad1 Rxd7 26. Qxd7+ Kg6 27.
Qxe6 h6 28. a3 Na2 29. Rd7 Qf8 30. Qe4+ f5 31. Qe6+ Kh7 32. Qf7 1-0

[Event "MCR senioru 2019 nad 70 a 80 let"]
[Site "Pelclovo divadlo, Rychnov n. K."]
[Date "2019.08.14"]
[Round "5"]
[White "Laska, Zdenek"]
[Black "Dolezal, Radoslav"]
[Result "1/2-1/2"]
[WhiteElo "1840"]
[BlackElo "1954"]
[EventDate "2019.08.10"]
[PlyCount "20"]

1. d4 d5 2. c4 c6 3. Nf3 g6 4. Bf4 Nf6 5. e3 Bg7 6. Nc3 O-O 7. h3 Bf5 8. Bd3
Bxd3 9. Qxd3 Nbd7 10. O-O Re8 1/2-1/2

[Event "MCR senioru 2019 nad 70 a 80 let"]
[Site "Pelclovo divadlo, Rychnov n. K."]
[Date "2019.08.14"]
[Round "5"]
[White "Papan, Cyril"]
[Black "Pavlicek, Petr"]
[Result "1/2-1/2"]
[WhiteElo "1932"]
[BlackElo "1829"]
[EventDate "2019.08.10"]
[PlyCount "93"]

1. Nf3 Nf6 2. b3 g6 3. Bb2 Bg7 4. c4 O-O 5. d3 d5 6. g3 dxc4 7. bxc4 c5 8. Bg2
Nc6 9. Nbd2 Qc7 10. O-O b6 11. Bc3 Bb7 12. Qb3 Rfd8 13. Qb2 Rab8 14. Rac1 Ne8
15. Ne4 Nd4 16. Rfe1 h6 17. h4 Nxf3+ 18. Bxf3 Bxc3 19. Nxc3 Bxf3 20. exf3 e6
21. Re3 Qc6 22. Ne2 Qd6 23. Kg2 Ng7 24. g4 Rd7 25. Qf6 Ne8 26. Qc3 Rbd8 27. Ng3
Qd4 28. h5 Qxc3 29. Rxc3 g5 30. Kf1 Nc7 31. Ra3 Ne8 32. Ke2 Rc7 33. Ne4 Nd6 34.
Nc3 Re7 35. Rb3 Kf8 36. a4 Nb7 37. Rb2 Na5 38. Kf1 Red7 39. Ke2 Nc6 40. Nb5 Na5
41. Na3 Nc6 42. Nc2 Na5 43. Ne1 Rd4 44. Re4 R4d6 45. Re3 Rd4 46. Re4 R4d6 47.
Re3 1/2-1/2

[Event "MCR senioru 2019 nad 70 a 80 let"]
[Site "Pelclovo divadlo, Rychnov n. K"]
[Date "2019.08.14"]
[Round "5"]
[White "Sedlacek, Jan"]
[Black "Briza, Jiri"]
[Result "1-0"]
[WhiteElo "1827"]
[BlackElo "1884"]
[PlyCount "53"]
[EventDate "2019.08.10"]

1. e4 e5 2. Nf3 Nc6 3. Bb5 a6 4. Ba4 Nf6 5. O-O b5 6. Bb3 d6 7. Ng5 d5 8. exd5
Nxd5 9. Qf3 Be6 10. Nxe6 fxe6 11. Nc3 Nce7 12. Re1 Qd6 13. Ne4 Qc6 14. Ng5 h6
15. Bxd5 exd5 16. Qf7+ Kd8 17. Ne6+ Kd7 18. Rxe5 Qxc2 19. Nxf8+ Kc6 20. Qxe7
Rhxf8 21. Qe6+ Kb7 22. Qxd5+ c6 23. Re7+ Kb6 24. Qd4+ Ka5 25. Qc3+ Qxc3 26.
dxc3 Rfe8 27. Rxe8 1-0

[Event "MCR senioru 2019 nad 50 let"]
[Site "Pelclovo divadlo, Rychnov n. K."]
[Date "2019.08.15"]
[Round "6"]
[White "Pelikan, Jaromir"]
[Black "Gabriel, Jan"]
[Result "1/2-1/2"]
[WhiteElo "1760"]
[BlackElo "1910"]
[EventDate "2019.08.10"]
[PlyCount "78"]

1. Nf3 Nf6 2. g3 d5 3. d4 Bg4 4. Bg2 Bxf3 5. exf3 e6 6. O-O Nbd7 7. Re1 Be7 8.
c4 O-O 9. cxd5 Nxd5 10. a3 c6 11. Nc3 N7b6 12. f4 Bf6 13. Ne4 Rb8 14. Nxf6+
Qxf6 15. b4 Rfd8 16. Qd3 a6 17. h4 Ne7 18. Bb2 Na4 19. Qc2 Nxb2 20. Qxb2 Qxd4
21. Qc2 Qd2 22. Qc5 Nd5 23. Rad1 Qb2 24. Qa5 Qc3 25. Bxd5 exd5 26. Re7 Qf6 27.
Rde1 Qd6 28. Qb6 d4 29. Rxb7 Rxb7 30. Qxb7 d3 31. Rd1 Kf8 32. Qxa6 g6 33. Qc4
d2 34. Qc5 Qxc5 35. bxc5 Rd5 36. Kf1 Rxc5 37. Rxd2 Ra5 38. Rc2 Rxa3 39. Rxc6
Ra2 1/2-1/2

[Event "MCR senioru 2019 nad 50 let"]
[Site "Pelclovo divadlo, Rychnov n. K."]
[Date "2019.08.15"]
[Round "6"]
[White "Vorackova, Jarmila"]
[Black "Blazek, Tomas"]
[Result "1/2-1/2"]
[WhiteElo "1832"]
[BlackElo "1910"]
[EventDate "2019.08.10"]
[PlyCount "120"]

1. d4 e6 2. c4 f5 3. Nc3 Nf6 4. e3 d5 5. Nf3 c6 6. Ne5 Bd6 7. f4 Nbd7 8. Bd3
O-O 9. O-O Kh8 10. h3 Be7 11. Bd2 Ne4 12. Rc1 Nxe5 13. fxe5 Nxd2 14. Qxd2 Bg5
15. cxd5 cxd5 16. b4 Qb6 17. a3 Qxd4 18. exd4 Bxd2 19. Rc2 Be3+ 20. Kh1 Bxd4
21. Re1 Bd7 22. Nb5 Bxb5 23. Bxb5 Rf7 24. Rec1 Bxe5 25. Rc8+ Rf8 26. Rxa8 Rxa8
27. Bd7 Rd8 28. Bxe6 g6 29. Rd1 d4 30. Kg1 Kg7 31. Kf1 Kf6 32. Bb3 Rc8 33. Ke2
Rc3 34. Rd3 Rc1 35. Bd1 b5 36. Kf3 Ra1 37. g4 Ra2 38. Be2 a6 39. Kf2 fxg4 40.
hxg4 Kg5 41. Kf3 h5 42. gxh5 Kxh5 43. Bd1 Kg5 44. Ke4 Bf6 45. Kd5 Rf2 46. Kc6
Be5 47. Rf3 Rxf3 48. Bxf3 Kf4 49. Bd1 d3 50. Kb6 Bb2 51. Kxa6 Bxa3 52. Kxb5 Ke3
53. Kc4 Kd2 54. Bf3 Ke3 55. Bd1 g5 56. b5 Bd6 57. b6 Bf4 58. b7 d2 59. Kc3 Be5+
60. Kc2 Bf4 1/2-1/2

[Event "MCR senioru 2019 nad 50 let"]
[Site "Pelclovo divadlo, Rychnov n. K"]
[Date "2019.08.15"]
[Round "6"]
[White "Portes, Pavel"]
[Black "Kalousek, Vladimir"]
[Result "1/2-1/2"]
[WhiteElo "1612"]
[BlackElo "1979"]
[PlyCount "83"]
[EventDate "2019.08.10"]

1. e4 c5 2. Nf3 d6 3. d4 cxd4 4. Nxd4 Nf6 5. Nc3 g6 6. Be3 Bg7 7. Be2 Nc6 8.
O-O O-O 9. f4 Bd7 10. Bf3 Nxd4 11. Bxd4 Bc6 12. e5 dxe5 13. Bxe5 Qxd1 14. Raxd1
Rad8 15. Bxc6 bxc6 16. h3 Nd5 17. Bxg7 Kxg7 18. Nxd5 Rxd5 19. Kf2 Rfd8 20. Ke2
Rxd1 21. Rxd1 Rxd1 22. Kxd1 Kf6 23. Ke2 Kf5 24. Kf3 e5 25. g4+ Ke6 26. c4 a5
27. b3 f6 28. a3 c5 29. h4 h5 30. f5+ gxf5 31. gxh5 f4 32. h6 Kf7 33. h5 f5 34.
b4 axb4 35. axb4 cxb4 36. h7 Kg7 37. h8=Q+ Kxh8 38. c5 b3 39. c6 b2 40. c7 b1=Q
41. c8=Q+ Kg7 42. Qd7+ 1/2-1/2

[Event "MCR senioru 2019 nad 50 let"]
[Site "Pelclovo divadlo, Rychnov n. K"]
[Date "2019.08.15"]
[Round "6"]
[White "Pribyl, Rene"]
[Black "Spinler, Bronislav"]
[Result "1-0"]
[WhiteElo "1991"]
[BlackElo "1451"]
[PlyCount "75"]
[EventDate "2019.08.10"]

1. d4 c6 2. c4 d5 3. Nc3 Nf6 4. Nf3 e6 5. Bg5 Nbd7 6. e3 Qa5 7. Bxf6 gxf6 8. a3
dxc4 9. Bxc4 b5 10. Bd3 b4 11. axb4 Qxb4 12. Qc2 h6 13. O-O Bb7 14. Ra4 Qd6 15.
Rfa1 c5 16. Nd2 Rg8 17. f3 Rb8 18. Nde4 Bxe4 19. Nxe4 Qb6 20. R1a2 cxd4 21.
exd4 f5 22. Nc3 Bg7 23. Nb5 Ke7 24. Qc7 Rgc8 25. Qxa7 Ra8 26. Qxb6 Nxb6 27.
Rxa8 Rxa8 28. Rxa8 Nxa8 29. Kf2 Nb6 30. b3 Kd7 31. Ke3 Nd5+ 32. Kf2 Kc6 33. Kg3
f4+ 34. Kg4 f5+ 35. Kh5 Nb4 36. Bc4 Kd7 37. Kg6 Bf8 38. Kf7 1-0

[Event "MCR senioru 2019 nad 50 let"]
[Site "Pelclovo divadlo, Rychnov n. K."]
[Date "2019.08.15"]
[Round "6"]
[White "Vorel, Bohuslav"]
[Black "Langr, Petr"]
[Result "1/2-1/2"]
[WhiteElo "1491"]
[BlackElo "1533"]
[EventDate "2019.08.10"]
[PlyCount "94"]

1. e4 c6 2. d4 d5 3. exd5 cxd5 4. Nf3 Nc6 5. h3 Bf5 6. Bd3 Bxd3 7. Qxd3 e6 8.
c3 Nf6 9. O-O h6 10. Bf4 Bd6 11. Bxd6 Qxd6 12. Nbd2 O-O 13. Rfe1 Rac8 14. Ne5
Rc7 15. Nxc6 bxc6 16. b4 Re8 17. a3 Rce7 18. Rac1 e5 19. dxe5 Rxe5 20. Rxe5
Qxe5 21. Nf3 Qf4 22. Rb1 Qc7 23. c4 Rd8 24. cxd5 cxd5 25. a4 Rc8 26. b5 Qc4 27.
Qxc4 dxc4 28. Rc1 c3 29. Ne5 Rc5 30. Nc6 Rc4 31. a5 a6 32. Na7 axb5 33. Nxb5
Rc5 34. Nxc3 Ne4 35. a6 Nxc3 36. Kf1 Ra5 37. Rxc3 Rxa6 38. Rc8+ Kh7 39. Rc7 Kg6
40. g3 Re6 41. Rc2 f5 42. Kg2 h5 43. h4 Kf6 44. Kf3 g6 45. Rc4 Ra6 46. Rc3 Re6
47. Rc4 Ra6 1/2-1/2

[Event "MCR senioru 2019 nad 50 let"]
[Site "Pelclovo divadlo, Rychnov n. K"]
[Date "2019.08.15"]
[Round "6"]
[White "Lorencova, Jitka"]
[Black "Kolibik, Jan"]
[Result "0-1"]
[WhiteElo "1368"]
[BlackElo "1565"]
[PlyCount "114"]
[EventDate "2019.08.10"]

1. e4 e6 2. d4 d5 3. exd5 exd5 4. Bf4 Nf6 5. Nc3 Be7 6. Be2 c6 7. Nf3 O-O 8.
O-O Bg4 9. Re1 Re8 10. Qd3 Nbd7 11. a3 g6 12. h3 Bf5 13. Qd1 Ne4 14. Nxe4 Bxe4
15. c3 Bf5 16. Qd2 Nf6 17. Ne5 Ne4 18. Qe3 Bh4 19. Bg3 Bxg3 20. fxg3 Nd6 21.
Qc1 Ne4 22. g4 Be6 23. Nf3 Qc7 24. Bd3 f5 25. Ne5 fxg4 26. hxg4 Nf6 27. g5 Ng4
28. Qd2 Nxe5 29. Rxe5 Bf7 30. Rae1 Rxe5 31. Rxe5 Re8 32. Rxe8+ Bxe8 33. Qe3 Bf7
34. g3 Kf8 35. Kf2 b6 36. Qf3 Qd6 37. Qf4 Qxf4+ 38. gxf4 Be6 39. Ke3 Ke7 40. b3
Kf7 41. c4 Kg7 42. cxd5 cxd5 43. Ba6 Bf5 44. Kd2 Kf7 45. Kc3 Ke7 46. Kb4 Kd6
47. a4 Kc7 48. a5 Bc2 49. axb6+ Kxb6 50. Bc8 Bf5 51. Bxf5 gxf5 52. Kc3 Kb5 53.
b4 Ka4 54. b5 Kxb5 55. Kb3 a6 56. Kc3 Ka4 57. Kd3 Kb3 0-1

[Event "MCR senioru 2019 nad 60 let"]
[Site "Pelclovo divadlo, Rychnov n. K"]
[Date "2019.08.15"]
[Round "6"]
[White "Mlynek, Petr"]
[Black "Pospisil, Evzen"]
[Result "1-0"]
[WhiteElo "2094"]
[BlackElo "2040"]
[PlyCount "93"]
[EventDate "2019.08.10"]

1. d4 Nf6 2. c4 e6 3. g3 d5 4. Nf3 dxc4 5. Bg2 c5 6. O-O Nc6 7. dxc5 Qxd1 8.
Rxd1 Bxc5 9. Nbd2 c3 10. bxc3 Bd7 11. Nb3 Be7 12. c4 Rc8 13. Bb2 Rc7 14. Rac1
O-O 15. Ne5 Rd8 16. c5 Be8 17. Rxd8 Bxd8 18. Nc4 Kf8 19. Nd6 Bd7 20. e4 Nb4 21.
Ba3 Nc6 22. f4 Ne7 23. Na5 Bc6 24. Nxc6 Nxc6 25. e5 Nd5 26. Kf2 Nce7 27. Rb1 b6
28. Nb5 Rc8 29. Bxd5 exd5 30. Nxa7 Rb8 31. c6 Ra8 32. Nb5 Rxa3 33. Nxa3 Nxc6
34. Ke2 Ke7 35. Kd3 h5 36. Nc2 Ke6 37. Nd4+ Kd7 38. Rb5 Kc7 39. Rb2 Be7 40.
Nxc6 Kxc6 41. Rc2+ Bc5 42. f5 Kd7 43. a4 Bg1 44. h3 g6 45. e6+ fxe6 46. fxg6
Ke7 47. Rc1 1-0